Dos chiquillos: texto de lectura para 2º grado

Gespeichert in:
Bibliographische Detailangaben
1. Verfasser: Alonso de Marini, Edith Autora
Weitere Verfasser: Gómez, Humberto Ilustrador Magno, Salvador Takeda, Kazú Ugarte, Manuel
Format: keine Angabe
Sprache:Spanisch
Erschienen: 2-Buenos Aires,Argentina Editorial Ángel Estrada y Cia S A 1965
Ausgabe:8ª ed.
Katalog:MANES:  Suchergebnis im Bibliothekskatalog
Schulbuchspezifische Eigenschaften:
Tags: Tag hinzufügen
Keine Tags, Fügen Sie den ersten Tag hinzu!
Hinzugefügt zu:26.04.2016

MARC

LEADER 000000000a22000000004500
001 14565
003 OSt
008 160427s sp ||||| |||| 00| 0 spa d
041 1 |a spa 
040 |c centro_manes 
691 7 |a PRI 
100 1 |a Alonso de Marini, Edith  |b Autora  |9 10460 
690 0 |a EyL 
700 1 |a Gómez, Humberto  |b Ilustrador  |9 10195  |a Magno, Salvador  |9 10461  |a Takeda, Kazú  |9 10462  |a Ugarte, Manuel  |9 10197 
245 0 0 |a Dos chiquillos: texto de lectura para 2º grado 
250 |a 8ª ed. 
260 3 |a 2-Buenos Aires,Argentina  |b Editorial Ángel Estrada y Cia S A  |c 1965 
300 |a 131 p.  |c 19 x 14 cm. 
500 |a Aprobado por el Consejo Nacional de Educación Expte. 19553-P-957 Res.26-6-957; tema aborigen; 1ª ed. 1957. El mes de edición del libro fue febrero.  |a nivel: Libro para segundo grado. 
942 |2 ddc  |c BK 
546 |a Argentina 
999 |c 20539  |d 20539 
999 |c manes:20539  |d 20539